• 首页
  • 本馆介绍
  • 公告通知
  • 最新文献
  • 馆藏检索
  • 电子资源
  • 读者导购
  • 参考咨询
  • 我的图书馆
  • 登录
  • 详细信息显示
  • 放入我的书架
  • 预约/预借图书
  • 作者相关作品
  • 分类相关作品
  • 丛书相关作品
  • 出版社相关作品

书目信息

  • 表格格式
  • 工作单格式
  • 卡片格式
题名:
齿轮机构三维CAD/CAE实用教程
    
 
作者: 齐从谦 主编
分册:  
出版信息: 北京   中国电力出版社  2016
页数: 197页
开本: 26cm
丛书名:
单 册:
中图分类: TH132.41-39 , TH132
科图分类:
主题词: 齿轮机构--chi lun ji gou--计算机辅助技术--教材
电子资源:
ISBN: 978-7-5123-8679-2
000 01297nam0 2200265 450
001 1658182422
005 20160613144733.1
010    @a978-7-5123-8679-2@dCNY36.00
100    @a20160613d2016 em y0chiy50 ea
101 0  @achi
102    @aCN@b110000
105    @aa a 000yy
106    @ar
200 1  @a齿轮机构三维CAD/CAE实用教程@Achi lun ji gou san weiCAD/CAEshi yong jiao cheng@f主编齐从谦
210    @a北京@c中国电力出版社@d2016
215    @a197页@c图@d26cm
320    @a有书目 (第197页)
330    @a本书是一本介绍齿轮传动数字化设计及其机构运动仿真和结构有限元仿真分析的专业图书。全书分为齿轮机构设计概论、圆柱齿轮设计、圆锥齿轮设计、蜗杆蜗轮机构设计、非圆齿轮设计、齿轮机构装配设计、齿轮机构运动仿真及齿轮机构有限元仿真分析等,各章节内容均包含大量来自实践的工程实例,以帮助读者理清思路,掌握诀窍,举一反三,熟练应用。本书重点对各类齿轮的三维数字化设计方法及设计过程中容易出现失误的多个细节做了细致入微的阐述,同时还对装配体设计机构运动仿真及有限元结构分析等做了较为详尽的介绍。
333    @a高校工科类机械设计制造及其自动化、机械电子工程等专业的广大学和教师用书
606 0  @a齿轮机构@Achi lun ji gou@x计算机辅助技术@j教材
690    @aTH132.41-39@v5
690    @aTH132@v4
701  0 @a齐从谦@Aqi cong qian@4主编
801  0 @aCN@b江苏新华@c20150511
905    @aBZT@dTH132@e5
    
    齿轮机构三维CAD/CAE实用教程/主编齐从谦.-北京:中国电力出版社,2016
    197页:图;26cm
    使用对象:高校工科类机械设计制造及其自动化、机械电子工程等专业的广大学和教师用书
    
    ISBN 978-7-5123-8679-2:CNY36.00
    本书是一本介绍齿轮传动数字化设计及其机构运动仿真和结构有限元仿真分析的专业图书。全书分为齿轮机构设计概论、圆柱齿轮设计、圆锥齿轮设计、蜗杆蜗轮机构设计、非圆齿轮设计、齿轮机构装配设计、齿轮机构运动仿真及齿轮机构有限元仿真分析等,各章节内容均包含大量来自实践的工程实例,以帮助读者理清思路,掌握诀窍,举一反三,熟练应用。本书重点对各类齿轮的三维数字化设计方法及设计过程中容易出现失误的多个细节做了细致入微的阐述,同时还对装配体设计机构运动仿真及有限元结构分析等做了较为详尽的介绍。
●
相关链接 在五车中查询图书 在当当中查询图书 在豆瓣中查询图书


正题名:齿轮机构三维CAD/CAE实用教程     索取号:TH132/5         预约/预借

序号 登录号 条形码 馆藏地/架位号 状态 备注
1 796780   2000796780   第二书库/ [索取号:TH132/5] 在馆    
2 796781   2000796781   第二书库/ [索取号:TH132/5] 在馆    
3 796782   2000796782   第二书库/ [索取号:TH132/5] 在馆    
山东省滨州职业学院图书馆 欢迎您!
大连网信软件有限公司© 版权所有